Approaches to History essays in Indian Historiography (Record no. 6402)

MARC details
000 -LEADER
fixed length control field 00447nam a22001697a 4500
005 - DATE AND TIME OF LATEST TRANSACTION
control field 20210904103840.0
008 - FIXED-LENGTH DATA ELEMENTS--GENERAL INFORMATION
fixed length control field 200521b xxu||||| |||| 00| 0 eng d
020 ## - INTERNATIONAL STANDARD BOOK NUMBER
ISBN 9789380607863
041 ## - LANGUAGE CODE
Language code of text/sound track or separate title eng
082 ## - DEWEY DECIMAL CLASSIFICATION NUMBER
Classification number 954.0072 BHA
100 ## - MAIN ENTRY--AUTHOR NAME
Personal name Bhattachary Sabyasachi
245 ## - TITLE STATEMENT
Title Approaches to History essays in Indian Historiography
260 ## - PUBLICATION, DISTRIBUTION, ETC. (IMPRINT)
Place of publication Delhi
Name of publisher ICHR Primus Books
Year of publication 2011
300 ## - PHYSICAL DESCRIPTION
Number of Pages 966p.
650 ## - SUBJECT ADDED ENTRY--TOPICAL TERM
Topical Term History
942 ## - ADDED ENTRY ELEMENTS (KOHA)
Koha item type Books
Holdings
Lost status Damaged status Collection code Home library Current library Shelving location Date acquired Source of acquisition Cost, normal purchase price Full call number Accession Number Koha item type
    Reference JRU Library JRU Library SHELF-1-C 02/06/2020 PURCHASE 495.00 954.0072 BHA 24276 Books
    LAW JRU Library JRU Library SHELF-30-A 02/06/2020 PURCHASE 495.00 954.0072 BHA 24277 Books
    LAW JRU Library JRU Library SHELF-30-A 02/06/2020 PURCHASE 495.00 954.0072 BHA 24278 Books
    LAW JRU Library JRU Library SHELF-30-A 02/06/2020 PURCHASE 495.00 954.0072 BHA 24279 Books
    LAW JRU Library JRU Library SHELF-30-A 02/06/2020 PURCHASE 495.00 954.0072 BHA 24280 Books